000
00229nam a22000857a 4500
008
161115b xxu||||| |||| 00| 0 eng d
100
_9
1201
_a
nair. k
245
_a
the day the river sopke
260
_a
new delhi
_b
national book trust
_c
2005
999
_c
3892
_d
3892